Statistiques concernant Jours de la semaine en 15 secondes

Cliquez ici pour prendre le quiz!

Statistiques générales

  • Ce quiz a été pris 355 fois
  • Le résultat moyen est 6 sur 7

Statistiques - réponses

Jours% Correct
Lundi
100%
Mardi
97%
Mercredi
91%
Jeudi
88%
Vendredi
83%
Samedi
81%
Dimanche
70%

Distribution des résultats

Percentile par nombre de réponses

% des personnes avec chaque résultat

Votre développement - résultats

Vous n’avez pas pris ce quiz